000 00566cam6a220018100 4500
001 qcf00559266
005 20190816093308.0
008 811028c19761974ctua 000 1 fre d
035 _a(Sirsi) r124502
035 _a(QCAT)lss03225529
035 _a(UPRA)qcf00559266
040 _dUPRA
100 1 _aSembene, Ousmane, 1923-
_dSembene, Ousmane, 1923-
_6A3877.1
245 1 0 _aXala /
_cSembene Ousmane ; translated by Clive Wake.
260 _aWestport, CT :
_bLawrence Hill,
_c1976, c1974.
949 _aPQ3989.O7
_wlcc
_i-178807
_mMAIN
_tBOOK
_lON-SHELF
004 124502
999 _c82414
_d82414